000 01007nam a2200265 a 4500
001 43716
003 BD-RjUL
005 20211209053737.0
008 160626s1949 mauacj 001 0 eng d
035 _a(BD-RjUL)43834
040 _aDLC
_cTOL
_dTOL
_dm.c
_dSER
_dBD-RjUL
_beng
041 _aeng
082 _a332.15420973
_223
_bHIH 1949
100 1 _aHidy, Ralph W.
_q(Ralph Willard),
_d1905-1977
_9134343
245 1 4 _aThe House of Baring in American trade and finance :
_bEnglish merchant bankers at work, 1763-1861 /
_cby Ralph W. Hidy.
260 _aCambridge, Mass. :
_bHarvard University Press,
_c1949.
300 _axxiv, 631 p. :
_bill. ;
_c22 cm.
490 1 _aHarvard studies in business history ;
_v14
500 _aIncludes index.
610 2 0 _aBaring Brothers & Co. Ltd.
_9220988
650 0 _aInvestments, British
_zUnited States
_xHistory.
_9134345
650 0 _aMerchant banks
_zGreat Britain
_xHistory.
_9134346
830 0 _aHarvard studies in business history ;
_v14
_9220989
942 _2ddc
_cRAR
999 _c43716
_d43716